01147nam a2200193Ia 4500001001100000003001000011008004100021040002500062041001300087100003000100245003900130250001100169260009100180300002700271500026000298501011400558520026000672650002100932L241-13777IT-CnALBA170116s9999||||xx |||||||||||||| ||und|| aIT-CnALBAcIT-CnALBA aITALIANO aTETTAMANZI DIONIGI, MONS. 0aBIOETICA: NUOVE SFIDE PER L'UOMO.  a1a ed. aCASALE MONFERRATO (AL)bPIEMME EDIZIONIc1987 [1° Ed.:1987 - Ed.Ling.Originale: 1987] a260 p. (prefazione: 5) aSTORIA E PROBLEMI DELLA BIOETICA. FILOSOFIA MORALE. GENETICA. PROCREAZIONE RESPONSABILE. FECONDAZIONE IN VITRO. DIAGNOSI PRENATALE. BIOTECNOLOGIA. EMBRIOLOGIA. FETO UMANO. STERILIZZAZIONE. ABORTO: LEGGE, COSCIENZA, CHIESA. TRAPIANTO DI ORGANI. MORTE. EUTA aSocietà San Paolo EM - Piazza San Paolo, 14 - 12051 ALBA (CN) (non commercial uses only) ® Copyright 2017 aSTORIA E PROBLEMI DELLA BIOETICA. FILOSOFIA MORALE. GENETICA. PROCREAZIONE RESPONSABILE. FECONDAZIONE IN VITRO. DIAGNOSI PRENATALE. BIOTECNOLOGIA. EMBRIOLOGIA. FETO UMANO. STERILIZZAZIONE. ABORTO: LEGGE, COSCIENZA, CHIESA. TRAPIANTO DI ORGANI. MORTE. EUTA aMORALE CATTOLICA